000 00452nam a2200181Ia 4500
001 1541
005 20260306143736.0
008 260306t2008||||xx |||||||||||||| ||spa||
041 _aESP
082 _a150.9
_bE14
100 _aEchavarría, Martín F.
_eAUT
245 0 _aDe Aristóteles a Freud:
_bensayo filosófico de historia de la psicología
260 _c2008
300 _a
_c
650 _aGEN
654 _aCPS
942 _cLIB
_dJUS
_fJUS
_2ddc
_n
999 _c1541
_d1541